African communication skills in HIV & AIDS and male circumcision (Record no. 63660)

MARC details
000 -LEADER
fixed length control field 01438nam a2200253 a 4500
008 - FIXED-LENGTH DATA ELEMENTS--GENERAL INFORMATION
fixed length control field 141210s2014 ||||||||||||||||| || u
020 ## - INTERNATIONAL STANDARD BOOK NUMBER
International Standard Book Number 9789982700689
050 ## - LIBRARY OF CONGRESS CALL NUMBER
Classification number RA 643.86 Mwa
100 ## - MAIN ENTRY--PERSONAL NAME
Personal name Mwakalombe, Peter
245 10 - TITLE STATEMENT
Title African communication skills in HIV & AIDS and male circumcision
Statement of responsibility, etc. by Peter Mwakalombe
250 ## - EDITION STATEMENT
Edition statement 1st ed.
260 ## - PUBLICATION, DISTRIBUTION, ETC.
Place of publication, distribution, etc. Lusaka
Name of publisher, distributor, etc. Litovia Limited
Date of publication, distribution, etc. 2014
300 ## - PHYSICAL DESCRIPTION
Extent iv, 130p.
350 ## -
-- 2.61
650 ## - SUBJECT ADDED ENTRY--TOPICAL TERM
Topical term or geographic name entry element COMMUNICATION SKILLS--AFRICA
650 ## - SUBJECT ADDED ENTRY--TOPICAL TERM
Topical term or geographic name entry element HIV AND AIDS--AFRICA
650 ## - SUBJECT ADDED ENTRY--TOPICAL TERM
Topical term or geographic name entry element MALE CIRCUMCISION--AFRICA
650 ## - SUBJECT ADDED ENTRY--TOPICAL TERM
Topical term or geographic name entry element AIDS--PREVENTION
995 ## -
-- MEDICAL LIBRARY OPEN ACCESS
-- 905304
-- CBU-SCHOOL OF MEDICINE LIBRARY (Ndola)
-- 2.61
-- RA 643.86 Mwa
-- 5
-- AVAILABLE
-- Jan 24, 2022
-- 905304
-- Medical Library Open Access Collection
995 ## -
-- SPECIAL COLLECTIONS
-- 748124
-- CBU-KAPASA MAKASA LIBRARY (Chinsali)
-- 2.61
-- Zam RA 643.86 Mwa
-- 3
-- AVAILABLE
-- Oct 11, 2017
-- 748124
-- Zambiana Collection
995 ## -
-- SPECIAL COLLECTIONS
-- 744942
-- CBU-MAIN LIBRARY (Kitwe)
-- 2.61
-- ZAM RA 643.86 Mwa
-- 1
-- AVAILABLE
-- Jan 30, 2015
-- 744942
-- Zambiana Collection
995 ## -
-- SPECIAL COLLECTIONS
-- 744943
-- CBU-SCHOOL OF MEDICINE LIBRARY (Ndola)
-- 2.61
-- ZAM RA 643.86 Mwa
-- 2
-- AVAILABLE
-- Jan 30, 2015
-- 744943
-- Zambiana Collection
995 ## -
-- MEDICAL LIBRARY OPEN ACCESS
-- 905303
-- CBU-SCHOOL OF MEDICINE LIBRARY (Ndola)
-- 2.61
-- RA 643.86 Mwa
-- 4
-- AVAILABLE
-- Jan 24, 2022
-- 905303
-- Medical Library Open Access Collection
999 ## -
-- 63660
-- 63660
Holdings
Withdrawn status Lost status Source of classification or shelving scheme Damaged status Not for loan Permanent Location Current Location Shelving location Date acquired Total Checkouts Full call number Barcode Date last seen Copy number Price effective from Koha item type
          CBU-MAIN LIBRARY, KITWE. CBU-MAIN LIBRARY, KITWE.   01/25/2023   RA 643.86 Mwa 744942 01/25/2023 3 01/25/2023 SPECIAL COLLECTION
          CBU-SCHOOL OF MEDICINE LIBRARY, NDOLA. CBU-SCHOOL OF MEDICINE LIBRARY, NDOLA.   01/25/2023   RA 643.86 Mwa 905304 01/25/2023 1 01/25/2023 MONOGRAPH
          CBU-SCHOOL OF MEDICINE LIBRARY, NDOLA. CBU-SCHOOL OF MEDICINE LIBRARY, NDOLA.   01/25/2023   RA 643.86 Mwa 744943 01/25/2023 4 01/25/2023 SPECIAL COLLECTION
          CBU-SCHOOL OF MEDICINE LIBRARY, NDOLA. CBU-SCHOOL OF MEDICINE LIBRARY, NDOLA.   01/25/2023   RA 643.86 Mwa 905303 01/25/2023 5 01/25/2023 MONOGRAPH